000
00258nam a2200109Ia 4500
008
200302s9999 xx 000 0 und d
100
_a
Roger yee
245
_a
Healthcare Spaces No 2
260
_b
Visual Reference New york
260
_c
2004
300
_a
432 P.,
999
_c
3100
_d
3100